The WORLD of theatre : an account of the theatre seasons 1996-97, 1997-98 and 1998-99

Enregistré dans:
Détails bibliographiques
Format: Livre
Langue:anglais
Publié: Routledge 2000
Tags: Ajouter un tag
Pas de tags, Soyez le premier à ajouter un tag!

MARC

LEADER 00000nam a22000007a 4500
008 211123b ||||| |||| 00| 0 eng d
020 |a 0415238668 
245 |a The WORLD of theatre  |b : an account of the theatre seasons 1996-97, 1997-98 and 1998-99  |c edited by Ian Herbert and Nichole Leclercq  |g ix,314p.:ill. 
250 |b 2000 ed.  |c Herbert, Ian and Leclercq Nichole 
260 |b Routledge  |c 2000  |h London  |i 31031  |l PN2037.W89  |m Theater 
500 |a I includes: ITI events and activities 1997-2000, ITI international theatre institute and ITI centres 
942 |a lcc  |c BK  |e Kuteyi M. A.  |f 23/11/2021 
952 |0 0  |1 0  |2 lcc  |4 0  |6 PN2037 W89  |7 0  |9 3907  |a HOL  |b HOL  |c LP  |d 2021-11-23  |l 0  |o PN2037.W89  |p 2021-67632  |r 2021-11-23 00:00:00  |w 2021-11-23  |y BK 
999 |c 1950  |d 1950